Murder mirage : (Запис № 527894)
[ простий вигляд ]
| 000 -LEADER | |
|---|---|
| fixed length control field | 01934cam a2200289Ia 4500 |
| 001 - CONTROL NUMBER | |
| control field | murdermiragedocs00robe |
| 003 - CONTROL NUMBER IDENTIFIER | |
| control field | CaSfIA |
| 005 - DATE AND TIME OF LATEST TRANSACTION | |
| control field | 20210118191242.0 |
| 007 - PHYSICAL DESCRIPTION FIXED FIELD--GENERAL INFORMATION | |
| fixed length control field | cr|||| |
| 008 - FIXED-LENGTH DATA ELEMENTS--GENERAL INFORMATION | |
| fixed length control field | 810313s1972 nyu 000 1 eng d |
| 040 ## - CATALOGING SOURCE | |
| Original cataloging agency | ZIH |
| Transcribing agency | ZIH |
| Modifying agency | BUF |
| -- | CRU |
| -- | CaSfIA |
| 035 ## - SYSTEM CONTROL NUMBER | |
| System control number | (OCoLC)7224068 |
| 050 14 - LIBRARY OF CONGRESS CALL NUMBER | |
| Classification number | PS3568.O237 |
| Item number | M88 1972 |
| 100 1# - MAIN ENTRY--PERSONAL NAME | |
| Personal name | Robeson, Kenneth. |
| 245 10 - TITLE STATEMENT | |
| Title | Murder mirage : |
| Medium | [electronic resource] |
| Remainder of title | a Doc Savage adventure / |
| Statement of responsibility, etc | by Kenneth Robeson. |
| 260 ## - PUBLICATION, DISTRIBUTION, ETC. (IMPRINT) | |
| Place of publication, distribution, etc | New York : |
| Name of publisher, distributor, etc | Bantam, |
| Date of publication, distribution, etc | 1972, c1963. |
| 300 ## - PHYSICAL DESCRIPTION | |
| Extent | 153 p. ; |
| Dimensions | 18 cm. |
| 490 0# - SERIES STATEMENT | |
| Series statement | The amazing adventures of Doc Savage ; |
| Том/ позначення послідовності | 71 |
| 500 ## - GENERAL NOTE | |
| General note | "S7418." |
| 500 ## - GENERAL NOTE | |
| General note | "Originally published in Doc Savage magazine January 1936." |
| 505 00 - FORMATTED CONTENTS NOTE | |
| Miscellaneous information | I. |
| Title | Midsummer snow -- |
| Miscellaneous information | II. |
| Title | "Corpus deliciti" in glass -- |
| Miscellaneous information | III. |
| Title | Men of dark faces -- |
| Miscellaneous information | IV. |
| Title | Window attack -- |
| Miscellaneous information | V. |
| Title | An ancient warning -- |
| Miscellaneous information | VI. |
| Title | Analyzing the stone -- |
| Miscellaneous information | VII. |
| Title | A mob goes blind -- |
| Miscellaneous information | VIII. |
| Title | Fussein, the bedouin -- |
| Miscellaneous information | IX. |
| Title | Chase through the fog -- |
| Miscellaneous information | X. |
| Title | Black magic -- |
| Miscellaneous information | XI. When the bay burned -- |
| -- | XII. |
| Title | The black yacht sinks -- |
| Miscellaneous information | XIII. |
| Title | Death rides the sky -- |
| Miscellaneous information | XIV. |
| Title | Cross-eyed beggar -- |
| Miscellaneous information | XV. |
| Title | Vanished raiders -- |
| Miscellaneous information | XVI. |
| Title | The dirigible dissolves -- |
| Miscellaneous information | XVII. |
| Title | Valley of Tasus -- |
| Miscellaneous information | XVIII. |
| Title | Stand in the tombs -- |
| Miscellaneous information | XIX. |
| Title | The staked woman -- |
| Miscellaneous information | XX. |
| Title | Out of the tombs -- |
| Miscellaneous information | XXI. |
| Title | Buried death glow -- |
| Miscellaneous information | XXII. |
| Title | Fleet of death -- |
| Miscellaneous information | XXIII. |
| Title | The all-wise one. |
| 506 ## - RESTRICTIONS ON ACCESS NOTE | |
| Standardized terminology for access restriction | Необхідна авторизація на https://archive.org/ (створення облікового запису безкоштовно) |
| 506 ## - RESTRICTIONS ON ACCESS NOTE | |
| Standardized terminology for access restriction | Необхідна авторизація на https://openlibrary.org/ (створення облікового запису безкоштовно) |
| 856 41 - ELECTRONIC LOCATION AND ACCESS | |
| Uniform Resource Identifier | <a href="http://www.archive.org/details/murdermiragedocs00robe">http://www.archive.org/details/murdermiragedocs00robe</a> |
| Public note | Free eBook from the Internet Archive |
| 856 42 - ELECTRONIC LOCATION AND ACCESS | |
| Uniform Resource Identifier | <a href="http://www.openlibrary.org/books/OL24371689M">http://www.openlibrary.org/books/OL24371689M</a> |
| Public note | Additional information and access via Open Library |
| 942 ## - ADDED ENTRY ELEMENTS (KOHA) | |
| Koha item type | ЕКнига |
Немає доступних примірників.